000 00362nam a2200145Ia 4500
008 231129s1976||||xx |||||||||||||| ||spa||
020 _a84-85047-07-9
040 _bspa
082 _a001.94 A993L
100 _aAzcuy Eduardo
245 0 _aEl legado extrahumano
260 _c1976
264 _aA.T.E.
942 _2ddc
_cBKS
999 _c11461
_d11461